000 01271cam a2200337 a 4500
001 15488601
003 OSt
005 20150710123719.0
008 081017s2009 enkae b 001 0 eng
010 _a 2008043421
020 _a9780273717683
020 _a0273717685
035 _a(OCoLC)ocn263146773
040 _aDLC
_cDLC
_dBWKUK
_dBWK
_dCDX
_dNLGGC
_dYDXCP
_dBTCTA
_dDLC
050 0 0 _aHG4026
_b.M388 2009
082 0 0 _a338.6041 MCL
_222
084 _a85.30
_2bcl
100 1 _aMcLaney, E. J.
_91813
245 1 0 _aBusiness finance :
_btheory and practice /
_cEddie McLaney. _
250 _a8th ed. _
260 _aHarlow, England ;
_aNew York :
_bPrentice Hall/Financial Times,
_c2009.
300 _axvii, 518 p. :
_bill. (some col.), plans ;
_c27 cm.
504 _aIncludes bibliographical references (p. 506-511) and index.
650 0 _aBusiness enterprises
_xFinance.
_91814
650 0 _aBusiness enterprises
_xFinance
_vProblems, exercises, etc.
_91815
650 0 _aCorporations
_xFinance.
_91816
650 0 _aCorporations
_xFinance
_vProblems, exercises, etc.
_91817
906 _a7
_bcbc
_corignew
_d1
_eecip
_f20
_gy-gencatlg
942 _2ddc
_cBK
999 _c625
_d625